| 000 | 00799nam a22001937a 4500 | ||
|---|---|---|---|
| 005 | 20180310152858.0 | ||
| 010 | _aB-667730 | ||
| 020 |
_c240.00 _a9789380674810 |
||
| 035 | _aB-667730 | ||
| 037 |
_bKKP _adpl |
||
| 082 | _a658.408 | ||
| 100 | _aRajput, Namita | ||
| 245 |
_aGovernance, ethics and social responsibility of business / _cby Namita Rajput, Harpreet Kaur [and] Rohit Verma |
||
| 260 |
_aNew Delhi _bSun India Publications _c2014 |
||
| 270 |
_a4382/4B, First Floor, Murari Lal Street, Ansari Road, Daryaganj, _bNew Delhi _e110002 |
||
| 300 |
_avarious pagings _c24cm(pbk) |
||
| 942 |
_2ddc _cEN _mRAJ _h658.408 |
||
| 999 |
_c150327 _d150327 |
||